000 006450000a22002410004500
090 _aAR
_b02798
245 1 0 _aSome Entolomataceae (<Agaricales>) from Costa Rica
650 1 4 _aBotánica
_9361
650 1 4 _aHongos
_96834
650 1 4 _aTaxonomía vegetal
_992262
650 1 4 _aMorfología vegetal
_918295
651 4 _pCosta rica
_992749
653 _gAlboleptonia
653 _gClitopilus
653 _gEntoloma
653 _gInocephalus
653 _gRhodocybe
041 0 _aInglés
700 1 _aHalling, Roy E.
_915259
100 1 _aBaroni, Timothy J.
_996163
942 _cARTICULO
773 1 _tBrittonia
_3120
_h2
_q121-135
_d2000
_g52
999 _c11859
_d11859